Under cover of dayhight

Bibliographic Details
Format: Book

MARC

LEADER 00000cam a2200000 7i4500
001 0000009899
002 000010781
005 20000330.0
020 |a 0446352314 
090 0 0 |a F   |b HAL 
245 1 0 |a Under cover of dayhight 
999 |a 0013676   |b BUKU   |c PINJAMAN   |e PERPUSTAKAAN KOMUNITI PETALING JAYA